000 00562nam a2200241 a 4500
001 nice12345678
003 IN_TiNIC
005 20260116012508.0
008 050524s0000 musa grp 000 0 urd
020 _a
_c100
082 0 0 _a491.43982
_bMCG
100 _aMcgavran, J G
245 _aUrdu Grammar
260 _aMussoorie
_bLandour Language School
_c0000
300 _a706p
500 _aincludes index and biblioraphy
505 2 _aMaps
650 _aUrdu-Grammar
700 1 _aMcgavran, J G
902 _bSRS
942 _cBK
999 _c7229
_d7229